Detalles MARC
| 000 -LEADER |
| fixed length control field |
01829nam a2200397Ii 4500 |
| 001 - CONTROL NUMBER |
| control field |
DIGARTEP0007 |
| 003 - CONTROL NUMBER IDENTIFIER |
| control field |
NyNyDIG |
| 006 - FIXED-LENGTH DATA ELEMENTS--ADDITIONAL MATERIAL CHARACTERISTICS |
| fixed length control field |
m o d |
| 007 - PHYSICAL DESCRIPTION FIXED FIELD--GENERAL INFORMATION |
| fixed length control field |
cr ||||||||||| |
| 008 - FIXED-LENGTH DATA ELEMENTS--GENERAL INFORMATION |
| fixed length control field |
140201s2002 txua o 000 0deng d |
| 020 ## - INTERNATIONAL STANDARD BOOK NUMBER |
| International Standard Book Number |
9781611920437 |
| Qualifying information |
(eBook) |
| 020 ## - INTERNATIONAL STANDARD BOOK NUMBER |
| Canceled/invalid ISBN |
1558853634 |
| 020 ## - INTERNATIONAL STANDARD BOOK NUMBER |
| Canceled/invalid ISBN |
9781558853638 |
| 035 ## - SYSTEM CONTROL NUMBER |
| System control number |
(OCoLC)301368390 |
| 040 ## - CATALOGING SOURCE |
| Original cataloging agency |
DGITA |
| Language of cataloging |
eng |
| Description conventions |
pn |
| Transcribing agency |
DGITA |
| 043 ## - GEOGRAPHIC AREA CODE |
| Geographic area code |
s-cl--- |
| 050 14 - LIBRARY OF CONGRESS CALL NUMBER |
| Classification number |
PQ8098.1.L54 eBook |
| 100 1# - MAIN ENTRY--PERSONAL NAME |
| Personal name |
Correas de Zapata, Celia. |
| 240 10 - UNIFORM TITLE |
| Uniform title |
Isabel Allende. |
| Language of a work |
English |
| 245 10 - TITLE STATEMENT |
| Title |
Isabel Allende : |
| Remainder of title |
life and spirits / |
| Statement of responsibility, etc. |
Celia Correas Zapata ; translated from the Spanish by Margaret Sayers Peden. |
| 264 #1 - PRODUCTION, PUBLICATION, DISTRIBUTION, MANUFACTURE, AND COPYRIGHT NOTICE |
| Place of production, publication, distribution, manufacture |
Houston, Tex. : |
| Name of producer, publisher, distributor, manufacturer |
Arte Público Press, |
| Date of production, publication, distribution, manufacture, or copyright notice |
2002. |
| 300 ## - PHYSICAL DESCRIPTION |
| Extent |
1 online resource (xxi, 204 pages) : |
| Other physical details |
ill. |
| 336 ## - CONTENT TYPE |
| Content type term |
text |
| Content type code |
txt |
| Source |
rdacontent |
| 337 ## - MEDIA TYPE |
| Media type term |
computer |
| Media type code |
c |
| Source |
rdamedia |
| 338 ## - CARRIER TYPE |
| Carrier type term |
online resource |
| Carrier type code |
cr |
| Source |
rdacarrier |
| 505 0# - FORMATTED CONTENTS NOTE |
| Formatted contents note |
Prologue: A Few Words by Way of Explanation -- The Beginnings -- Once Upon a Time -- Good and Bad Fortune -- Travels -- Humor -- Rebellions and Challenges -- The House of the Spirits -- A Chosen Destiny -- Of Love and Shadows -- Eva Luna -- The Stories of Eva Luna -- The Infinite Plan -- Paula -- Of Children and Books -- Aphrodite -- For Love -- Muses, Angels, and Demons -- Writing for the World -- Success -- Today -- Writing -- Daughter of Fortune -- Portrait in Sepia. |
| 600 10 - SUBJECT ADDED ENTRY--PERSONAL NAME |
| Personal name |
Allende, Isabel |
| Form subdivision |
Interviews. |
| 650 #0 - SUBJECT ADDED ENTRY--TOPICAL TERM |
| Topical term or geographic name entry element |
Authors, Chilean |
| Chronological subdivision |
20th century |
| Form subdivision |
Interviews. |
| 655 #0 - INDEX TERM--GENRE/FORM |
| Genre/form data or focus term |
Electronic books. |
| 700 1# - ADDED ENTRY--PERSONAL NAME |
| Personal name |
Peden, Margaret Sayers. |
| 791 2# - |
| -- |
Digitalia (Firm), |
| -- |
distributor. |
| 793 0# - |
| -- |
Digitalia eBook Collection: |
| -- |
Arte Público Press |
| 856 40 - ELECTRONIC LOCATION AND ACCESS |
| Materials specified |
Digitalia Hispánica |
| Uniform Resource Identifier |
<a href="https://www.digitaliapublishing.com/a/23241/">https://www.digitaliapublishing.com/a/23241/</a> |
| 910 ## - USER-OPTION DATA (OCLC) |
| User-option data |
Premium Collection: 2007-2012 |
| 942 ## - ADDED ENTRY ELEMENTS (KOHA) |
| Koha item type |
Recurso Electrónico |